000 00499nam a2200169 i 4500
001 76232
003 ES-MaACL
005 20230906172749.0
007 t|
008 040930s1981 sp ||||1| spa d
100 1 _aGuerrero García, Andrés.
_960573
245 1 0 _aCultivos herbáceos extensivos /
_cAndrés Guerrero García.
250 _a2ª ed., rev. y amp.
260 _aMadrid :
_bMundi-Prensa,
_c1981.
300 _a549 p., 5 lám. :
_bil. ;
_c24 cm.
852 _aES-MaACL
_jL-1294
_bR.101926
999 _c76232
_d76232